| 000 | 01337nam a22002777a 4500 | ||
|---|---|---|---|
| 005 | 20110426154449.0 | ||
| 008 | 090408t xxu||||| |||| 00| 0 hin d | ||
| 010 | _aHIN-96621 | ||
| 020 |
_a9788180422478 _c200.00 |
||
| 035 | _aHN-68967 | ||
| 037 | _bDBAD / PUB | ||
| 040 |
_aDPL _bHN |
||
| 082 | _aक | ||
| 100 |
_927482 _aबानो सरताज |
||
| 245 |
_aतीसरे रास्ते के मुसाफिर / _cबानो सरताज _hकहानी संकलन |
||
| 260 |
_aनई दिल्ली _bमाडर्न पब्लिशिंग _c2012 |
||
| 270 |
_a9, गोला मार्केट,दरिया गंज _bनई दिल्ली _e110002 _k01123278869, 931256664 _mVIJAYBOOKS@YAHOO.COM |
||
| 300 |
_a224पृ _c22 सेमी (सजिल्द) |
||
| 650 |
_91169 _aहिन्दी कथा संग्रह |
||
| 650 | _91170 | ||
| 700 | _927483 | ||
| 710 | _952094 | ||
| 942 |
_adpl _cHN _2ddc _mबानोस _hक |
||
| 999 |
_c69779 _d69779 |
||